• Rossi R., Bartholini G., Zurlo M.C., Rizzo L., Cesari G., Ravenna M., Feretti A., Liggeri P., Cupia L.

di Personal Name

Records bibliografici associati: 1

001 - CONTROL NUMBER

  • control field: 59291

003 - CONTROL NUMBER IDENTIFIER

  • control field:

005 - DATE AND TIME OF LATEST TRANSACTION

  • control field: 20230130113711.0

008 - FIXED-LENGTH DATA ELEMENTS

  • fixed length control field: 230130|| aca||aabn | a|a d

040 ## - CATALOGING SOURCE

  • Original cataloging agency:
  • Transcribing agency:

100 ## - HEADING--PERSONAL NAME

  • Personal name: Rossi R., Bartholini G., Zurlo M.C., Rizzo L., Cesari G., Ravenna M., Feretti A., Liggeri P., Cupia L.
  • Personal name: Fanelli R., Baldo E., Guarrella E., Cairoli Moschioni G., Qualiano M., Monti C., Vella A.M., Belletti F., Guidi D., Tonizzo F

670 ## - SOURCE DATA FOUND

  • Source citation: Work cat.: ()359568: Roberto Rita (a cura di) 57337, Coppia, 2017
CREDITS: SOCIETA' SAN PAOLO Via A.Severo, 58 - ROMA (RM) & PERIODICI SAN PAOLO SRL Via Giotto, 36 MILANO & CISF Via Giotto, 36 MILANO & EDIZIONI SAN PAOLO SRL,  Piazza Soncino, 5 CINISELLO BALSAMO (MI) -- ITALY